2007 Movies by Screenshot - Statistics

General Stats
  • This quiz has been taken 988 times
  • The average score is 11 of 16
Answer Stats
Picture Answer % Correct
Shrek the Third
98%
Harry Potter and the Order of the Phoenix
97%
Spider-Man 3
97%
Ratatouille
95%
The Simpsons Movie
95%
Transformers
93%
Pirates of the Caribbean: At World's End
86%
300
73%
The Bourne Ultimatum
65%
Ocean's Thirteen
62%
Superbad
60%
I Am Legend
56%
No Country for Old Men
54%
National Treasure: Book of Secrets
47%
Hot Fuzz
41%
There Will Be Blood
27%
No matching quizzes found
Score Distribution
Percent of People with Each Score
Percentile by Number Answered
Your Score History
You have not taken this quiz